| 000 | 00506nam a2200193 4500 | ||
|---|---|---|---|
| 003 | OSt | ||
| 005 | 20240703071307.0 | ||
| 006 | a | ||
| 008 | 240703b |||||||| |||| 00| 0 eng d | ||
| 020 | _a9719349530 | ||
| 040 |
_aDWCL-Main lib. _cOC |
||
| 082 | _aFil. 696.1 B229p 2006 | ||
| 100 | _aBarba, Joshua A. | ||
| 245 | _aPlumbing / | ||
| 260 |
_aLegazpi City : _bConvergelink Books Corp., _cc2006. |
||
| 300 |
_bII, 395 p. : ill. ; _c25 cm. |
||
| 650 | _a1. Plumbing. | ||
| 942 |
_2ddc _n0 _cBK - FIL _kFil. |
||
| 999 |
_c1891 _d1891 |
||